Councils fail on recycling land (Record no. 117658)

MARC details
000 -LEADER
fixed length control field 01269cam a2200265 4500
001 - CONTROL NUMBER
control field WB@3612-403
008 - FIXED-LENGTH DATA ELEMENTS--GENERAL INFORMATION
fixed length control field 040707n2004 000 0 eng u
035 ## - SYSTEM CONTROL NUMBER
System control number (Sirsi) u126721
245 ## - TITLE STATEMENT
Title Councils fail on recycling land
260 ## - PUBLICATION, DISTRIBUTION, ETC.
Date of publication, distribution, etc. 2004
490 ## - SERIES STATEMENT
Series statement Regeneration and Renewal
Volume/sequential designation 2 July 2004, 10(1)
520 ## - SUMMARY, ETC.
Summary, etc. Local councils and developers are under-performing in recycling vacant and underused land for new homes, according to research by the Campaign to Protect Rural England (CPRE). Government's PPG3: Housing, stated that by 2008, 60% of new homes should be provided by building on recycled land. Nationally this target has already been achieved with 66% of councils on target. In its analysis of government's latest "Land use change statistics", CPRE named councils that achieved below average results. Milton Keynes only achieved 19% and Telford and Wrekin managed 24%. "PPG3 - what progress four years on?" is available at http://www.cpre.org.uk.
590 ## - LOCAL NOTE (RLIN)
Local note WB
590 ## - LOCAL NOTE (RLIN)
Local note WB
650 ## - SUBJECT ADDED ENTRY--TOPICAL TERM
Topical term or geographic name entry element LOCAL COUNCILS
650 ## - SUBJECT ADDED ENTRY--TOPICAL TERM
Topical term or geographic name entry element DEVELOPERS
650 ## - SUBJECT ADDED ENTRY--TOPICAL TERM
Topical term or geographic name entry element RECYCLED LAND
650 ## - SUBJECT ADDED ENTRY--TOPICAL TERM
Topical term or geographic name entry element PERFORMANCE TARGETS
650 ## - SUBJECT ADDED ENTRY--TOPICAL TERM
Topical term or geographic name entry element PPG3
650 ## - SUBJECT ADDED ENTRY--TOPICAL TERM
Topical term or geographic name entry element DENSITY
650 ## - SUBJECT ADDED ENTRY--TOPICAL TERM
Topical term or geographic name entry element NEW HOMES
650 ## - SUBJECT ADDED ENTRY--TOPICAL TERM
Topical term or geographic name entry element RANKINGS
690 ## - LOCAL SUBJECT ADDED ENTRY--TOPICAL TERM (OCLC, RLIN)
Topical term or geographic name as entry element HOUSING-DEVELOPMENT
942 ## - ADDED ENTRY ELEMENTS (KOHA)
Suppress in OPAC 0
Holdings
Withdrawn status Lost status Source of classification or shelving scheme Damaged status Not for loan Home library Current library Shelving location Date acquired Total Checkouts Full call number Barcode Date last seen Copy number Price effective from Koha item type
    Dewey Decimal Classification     London London News article 07/07/2004   WB4026-11 126721-1001 06/08/2019 1 06/08/2019 News article